000 01078nam a2200217 i 4500
001 183294
003 ES-MaACL
005 20250619120847.0
008 140206s2006 sp | |||| ||spa d
080 _a929 Sancho (460.16) III (060.64)
080 _a929.731(460.16)"10/12"(060.64)
080 _a94(460.16)"10/12"(060.64)
245 0 3 _aLa edad de un reyno
_b: las encrucijadas de la corona y la diócesis de Pamplona : Sancho el Mayor y sus herederos : el linaje que europeizó los reinos hispanos : epítome : [Baluarte, Pamplona 26 de enero al 30 de abril 2006] /
_cdirector científico Isidro G. Bango Torviso ; [organiza Fundación para la Conservación del Patrimonio Histórico de Navarra].
260 _a[Pamplona] :
_bFundación para la conservación del Patrimonio Histórico de Navarra,
_c[2006]
300 _a31 :
_bil. col. ;
_c24 cm.
600 1 4 _aSancho
_bIII
_cRey de Navarra.
_9154395
651 4 _aNavarra (Reino)-
_xHistoria.
_99115
700 1 _aBango Torviso, Isidro G.,
_d1946-
_925200
852 _aES-MaACL
_j1522-F-16
999 _c183294
_d183294